000 00664nam a2200193Ii 4500
003 JO-AjNU
008 230605s9999||||xx |||||||||||||| ||und||
040 _aJO-AjNU
_bara
_erda
_cJO-AjNU
041 _aara
050 1 4 _aPN1707.M8 1963
100 3 _aدوارة،فؤاد,
_eauthor
_913080
245 0 0 _aفي النقد المسرحي
264 3 1 _aالقاهرة: الدار المؤسسة المصرية العامة للتأليف والأنباء والنشر، 1963
300 _a434ص
336 _atext
_btxt
_2rdacontent
337 _aunmediated
_bn
_2rdamedia
338 _avolume
_bnc
_2rdacarrier
650 4 _a المسرح - تاريخ ونقد
_913081
999 _aA3162
_c6730
_d6730